000 01271nam a2200289 a 4500
001 000026834
005 20200930030434.0
008 110325s1980 dr ah 001 0 spa d
040 _aDO-SdBNP
_bspa
_cBNPHU
082 _a327.729307294
_bC818p
100 1 _aCornielle, Carlos,
_d1916-
_953953
245 1 0 _aProceso histórico dominico-haitiano :
_buna advertencia a la juventud dominicana /
_cCarlos Cornielle.
260 _aSanto Domingo :
_bPublicaciones América,
_c1980.
300 _a355 p. :
_bil., facsíms. ;
_c23 cm.
504 _aBibliografía : p. 351-355.
590 _aLa biblioteca posee un ejemplar autografíado por el autor.
590 _aInventariado, 2018/BT
651 4 _aRepública Dominicana
_xRelaciones Exteriores
_zHaití
_92233
651 4 _aHaití
_xRelaciones Exteriores
_zRepública Dominicana
_92234
651 4 _aRepública Dominicana
_xEmigración E Inmigración
_xAspectos Económicos
_99359
651 4 _aRepública Dominicana
_xEmigración E Inmigración
_xAspectos Sociales
_99361
651 4 _aRepública Dominicana
_xIncidentes Fronterizos
_98407
650 4 _aHaití
_xIncidentes fronterizos
_99549
651 4 _aRepública Dominicana
_xHistoria
_9170
651 4 _aHaití
_xHistoria
_98418
910 _aValidado. Control de calidad. EMS
999 _c26326
_d26326